00365nam a2200145Ia 4500008004100000020001800041082001500059100001700074245003000091250000600121260003900127300001500166500002400181650001400205230524s9999 xx 000 0 und d a9789384588908 a621.2bJAG aJagadeesha T 0aHydraulics and Pneumatics a1 aNew DelhibI.K.Internationalc2015 a"XV,423p;" aQuantity Number: 1 aMechanics